000 00602cam a2200181u 4500
001 6783739
005 20180228090923.0
008 990714s1838 paua 000 0 eng
010 _atmp92021175
040 _aDLC
_cDLC
_dDLC
041 _aeng
080 _a53 GEO
100 1 _a43
101 _aFIZ
245 1 0 _aElements of Physics;
_cby Neil Arnott.
906 _a0
_bcbc
_cpremunv
_du
_encip
_f19
_gy-gencatlg
942 _2ddc
_cBK
999 _c43729
_d43729